[Event "Wroclaw Anderssen Memorial op-A"]
[Site "Wroclaw"]
[Date "2023.08.08"]
[Round "4"]
[White "Bogdanov, Egor"]
[Black "Holtel, Jasper"]
[Result "0-1"]
[WhiteElo "2397"]
[BlackElo "2339"]
[PlyCount "68"]
[EventDate "2023.08.06"]
[EventType "swiss"]
[EventRounds "9"]
[EventCountry "POL"]
[SourceTitle "CBM 215 Extra"]
[Source "ChessBase"]
[SourceDate "2023.09.30"]
[SourceVersion "1"]
[SourceVersionDate "2023.09.30"]
[SourceQuality "1"]

1. e4 c5 2. c3 Nf6 3. e5 Nd5 4. d4 cxd4 5. Nf3 Nc6 6. Bc4 Nb6 7. Bb3 d6 8. exd6 Qxd6 9. 0-0 Be6 10. Na3 dxc3 11. Qe2 Bxb3 12. Nb5 Qb8 13. axb3 g6 14. Be3 Nc8 15. Ra4 Bg7 16. Bf4 e5 17. Nxe5 Nxe5 18. Bxe5 Bxe5 19. f4 0-0 20. fxe5 cxb2 21. Raf4 a6 22. Rxf7 Rxf7 23. Qc4 Nd6 24. Nxd6 Qa7+ 25. Kh1 b5 26. Qd5 Raf8 27. h3 Qc5 28. Qxc5 Rxf1+ 29. Kh2 b1Q 30. Qd5+ Kg7 31. Qb7+ Kh6 32. Qe7 Rh1+ 33. Kg3 Qe1+ 34. Kg4 Qb4+ 0-1

[Event "Wroclaw Anderssen Memorial op-A"]
[Site "Wroclaw"]
[Date "2023.08.06"]
[Round "1"]
[White "Miasik, Adrian"]
[Black "Holtel, Jasper"]
[Result "0-1"]
[WhiteElo "2018"]
[BlackElo "2339"]
[PlyCount "61"]
[EventDate "2023.08.06"]
[EventType "swiss"]
[EventRounds "9"]
[EventCountry "POL"]
[SourceTitle "CBM 215 Extra"]
[Source "ChessBase"]
[SourceDate "2023.09.30"]
[SourceVersion "1"]
[SourceVersionDate "2023.09.30"]
[SourceQuality "1"]

1. d4 Nf6 2. Bf4 g6 3. Nc3 d5 4. e3 Bg7 5. h4 h5 6. Be2 0-0 7. Nf3 c5 8. Qd2 Nc6 9. Ne5 cxd4 10. exd4 Bf5 11. Nxc6 bxc6 12. f3 c5 13. Be5 cxd4 14. Qxd4 Bxc2 15. Rc1 Bf5 16. g4 hxg4 17. fxg4 Be4 18. Nxe4 dxe4 19. Qxd8 Rfxd8 20. Rh3 Nd5 21. Bxg7 Kxg7 22. Rb3 Kf6 23. Rb7 Ke5 24. Bc4 f5 25. gxf5 gxf5 26. Bxd5 Rxd5 27. Rxe7+ Kf4 28. Ke2 Rd3 29. Rf1+ Rf3 30. Rxf3+ exf3+ 31. Kd2 0-1

[Event "Titled Tuesday intern op 18th Jul Early"]
[Site "Chess.com INT"]
[Date "2023.07.18"]
[Round "1"]
[White "Holtel, Jasper"]
[Black "Baziuk, Vladyslav"]
[Result "1/2-1/2"]
[WhiteElo "2353"]
[BlackElo "2201"]
[PlyCount "89"]
[EventDate "2023.07.18"]
[EventType "swiss (blitz)"]
[EventRounds "11"]
[EventCountry "USA"]
[SourceTitle "EXT 2024"]
[Source "ChessBase"]
[SourceDate "2023.10.10"]
[SourceVersion "1"]
[SourceVersionDate "2023.10.10"]
[SourceQuality "1"]

1. e4 c6 2. Nf3 d5 3. Nc3 dxe4 4. Nxe4 Nf6 5. Qe2 Nxe4 6. Qxe4 Nd7 7. d4 Nf6 8. Qf4 Bg4 9. c3 e6 10. Ne5 Bh5 11. Bd3 Bd6 12. 0-0 Qc7 13. Qe3 Bg6 14. f4 0-0-0 15. a4 Nd5 16. Qe2 Bxd3 17. Qxd3 f6 18. Nf3 Nxf4 19. Bxf4 Bxf4 20. a5 e5 21. a6 b6 22. Rae1 exd4 23. Nxd4 Bxh2+ 24. Kh1 Be5 25. Qf5+ Qd7 26. Nxc6 Qxf5 27. Rxf5 Rd7 28. Nxe5 fxe5 29. Rfxe5 Rf8 30. R5e4 Rf2 31. R1e2 Rxe2 32. Rxe2 Kc7 33. Re8 Kc6 34. c4 Rc7 35. b4 Kd6 36. Re4 Rf7 37. Kg1 g6 38. Rd4+ Kc6 39. Re4 Rd7 40. Kf2 Rf7+ 41. Ke3 Kd6 42. Rd4+ Kc6 43. Re4 Kd6 44. Rd4+ Kc6 45. Re4 1/2-1/2

[Event "Titled Tuesday intern op 06th Jun Late"]
[Site "Chess.com INT"]
[Date "2023.06.06"]
[Round "7"]
[White "Holtel, Jasper"]
[Black "Rios Escobar, Adan"]
[Result "1-0"]
[WhiteElo "2348"]
[BlackElo "2234"]
[PlyCount "57"]
[EventDate "2023.06.06"]
[EventType "swiss (blitz)"]
[EventRounds "11"]
[EventCountry "USA"]
[SourceTitle "EXT 2024"]
[Source "ChessBase"]
[SourceDate "2023.10.10"]
[SourceVersion "1"]
[SourceVersionDate "2023.10.10"]
[SourceQuality "1"]

1. e4 c5 2. Nf3 d6 3. d4 cxd4 4. Nxd4 Nf6 5. Nc3 a6 6. Bc4 e6 7. Bb3 b5 8. Bg5 Be7 9. Qf3 h6 10. Bh4 Ra7 11. 0-0-0 Qc7 12. Kb1 0-0 13. g4 Nc6 14. Ndxb5 axb5 15. Nxb5 Qa5 16. Nxa7 Nxa7 17. Qe2 Bb7 18. f4 g5 19. fxg5 hxg5 20. Be1 Qe5 21. Bc3 Qxe4 22. Qf2 Nxg4 23. Qxa7 Ra8 24. Qb6 Qc6 25. Qd4 Ne5 26. Rhg1 Qa6 27. h4 g4 28. Rxg4+ Nxg4 29. Qg7# 1-0

[Event "Titled Tuesday intern op 06th Jun Late"]
[Site "Chess.com INT"]
[Date "2023.06.06"]
[Round "5"]
[White "Holtel, Jasper"]
[Black "Shapiro, Viktor"]
[Result "0-1"]
[WhiteElo "2348"]
[BlackElo "2192"]
[PlyCount "68"]
[EventDate "2023.06.06"]
[EventType "swiss (blitz)"]
[EventRounds "11"]
[EventCountry "USA"]
[SourceTitle "EXT 2024"]
[Source "ChessBase"]
[SourceDate "2023.10.10"]
[SourceVersion "1"]
[SourceVersionDate "2023.10.10"]
[SourceQuality "1"]

1. e4 c5 2. Be2 g6 3. f4 Bg7 4. Nf3 Nc6 5. 0-0 e6 6. d3 d5 7. c3 Nge7 8. Be3 b6 9. e5 Nf5 10. Bf2 h5 11. Na3 0-0 12. d4 cxd4 13. cxd4 Bd7 14. Nc2 Rc8 15. Ne3 Nce7 16. Nxf5 Nxf5 17. Qd2 Qc7 18. Rac1 Qb7 19. h3 a5 20. Nh4 Nxh4 21. Bxh4 Rxc1 22. Rxc1 Rc8 23. Be7 Rxc1+ 24. Qxc1 Bb5 25. Bxb5 Qxe7 26. a3 Qh4 27. Kh2 Qf2 28. Be8 Bh6 29. Qg1 Bxf4+ 30. Kh1 Qg3 31. b4 axb4 32. axb4 g5 33. b5 g4 34. Bc6 Kf8 0-1

[Event "Titled Tuesday intern op 06th Jun Late"]
[Site "Chess.com INT"]
[Date "2023.06.06"]
[Round "4"]
[White "Ronka, Erik"]
[Black "Holtel, Jasper"]
[Result "0-1"]
[WhiteElo "2294"]
[BlackElo "2348"]
[PlyCount "92"]
[EventDate "2023.06.06"]
[EventType "swiss (blitz)"]
[EventRounds "11"]
[EventCountry "USA"]
[SourceTitle "EXT 2024"]
[Source "ChessBase"]
[SourceDate "2023.10.10"]
[SourceVersion "1"]
[SourceVersionDate "2023.10.10"]
[SourceQuality "1"]

1. e4 e6 2. Nf3 d5 3. Nc3 Nf6 4. e5 Nfd7 5. d4 c5 6. dxc5 Bxc5 7. Bf4 Nc6 8. Bd3 a6 9. Qe2 b5 10. 0-0 Nb4 11. a3 Nxd3 12. cxd3 0-0 13. b4 Be7 14. Rab1 Bb7 15. Rfc1 Rc8 16. Nd4 Nb6 17. Be3 Nd7 18. f4 Re8 19. Na2 Bf8 20. Rxc8 Qxc8 21. Rc1 Qd8 22. Rc2 f6 23. Nf3 fxe5 24. fxe5 a5 25. Bd4 axb4 26. axb4 Qa8 27. h3 Rc8 28. Rxc8 Qxc8 29. Qb2 Nb6 30. Bxb6 d4 31. Bxd4 Qa8 32. Kf2 Bd5 33. Nc3 Bxf3 34. gxf3 Qd8 35. Nxb5 Qh4+ 36. Ke3 Qe1+ 37. Qe2 Qxb4 38. Nc3 g6 39. Qa2 Bh6+ 40. Ke4 Qb7+ 41. Nd5 Kg7 42. Qa5 Qf7 43. Nf6 Qb7+ 44. Nd5 Qf7 45. Ne7 Qf5+ 46. Nxf5+ gxf5# 0-1

[Event "Titled Tuesday intern op 25th Apr Late"]
[Site "Chess.com INT"]
[Date "2023.04.25"]
[Round "9"]
[White "Holtel, Jasper"]
[Black "Aigner, Michael"]
[Result "1-0"]
[WhiteElo "2336"]
[BlackElo "1966"]
[PlyCount "141"]
[EventDate "2023.04.25"]
[EventType "swiss (blitz)"]
[EventRounds "11"]
[EventCountry "USA"]
[SourceTitle "EXT 2024"]
[Source "ChessBase"]
[SourceDate "2023.10.10"]
[SourceVersion "1"]
[SourceVersionDate "2023.10.10"]
[SourceQuality "1"]

1. e4 c5 2. Nf3 Nc6 3. Bb5 g6 4. Bxc6 dxc6 5. d3 Bg7 6. h3 Nf6 7. 0-0 Nd7 8. Nbd2 e5 9. Nc4 Qe7 10. a4 Nf8 11. Be3 b6 12. Kh1 f6 13. c3 Ne6 14. Rb1 0-0 15. Nh2 g5 16. Re1 Rd8 17. Qc2 Ba6 18. b3 Rd7 19. Nf1 Rad8 20. Rbd1 Bc8 21. Ng3 Qf8 22. Nf5 Rb7 23. g4 Nf4 24. Bxf4 Bxf5 25. Bxg5 Bxg4 26. hxg4 fxg5 27. Ne3 Qf3+ 28. Kg1 Rbd7 29. Rd2 h5 30. Qd1 hxg4 31. Qxf3 gxf3 32. Red1 Kf7 33. Nf5 Bf6 34. Kh2 g4 35. Nh6+ Kg6 36. Nxg4 Bg7 37. Kg3 Rf8 38. Ne3 Bh6 39. Rh1 Bxe3 40. fxe3 Rg7 41. Kf2 Kf7 42. Rg1 Rh7 43. Kxf3 Ke6+ 44. Ke2 Rh2+ 45. Kd1 Rxd2+ 46. Kxd2 Rf2+ 47. Kc1 Re2 48. Rg7 Rxe3 49. Kd2 Rh3 50. Rxa7 Rh2+ 51. Ke3 Rb2 52. Rc7 Kd6 53. Rb7 Rxb3 54. a5 b5 55. a6 Ra3 56. a7 b4 57. cxb4 c4 58. Kd2 Rxd3+ 59. Kc2 Ra3 60. Kb2 Ra6 61. Kc3 Ra1 62. Kxc4 Ra2 63. Kb3 Ra1 64. Kb2 Ra6 65. Kb3 Ra1 66. Kc3 Ra3+ 67. Kc4 Ra1 68. b5 Rc1+ 69. Kd3 Ra1 70. b6 Kc5 71. Rb8 1-0

[Event "Titled Tuesday intern op 25th Apr Late"]
[Site "Chess.com INT"]
[Date "2023.04.25"]
[Round "7"]
[White "Holtel, Jasper"]
[Black "Figorito, Nick"]
[Result "0-1"]
[WhiteElo "2336"]
[BlackElo "2036"]
[PlyCount "56"]
[EventDate "2023.04.25"]
[EventType "swiss (blitz)"]
[EventRounds "11"]
[EventCountry "USA"]
[SourceTitle "EXT 2024"]
[Source "ChessBase"]
[SourceDate "2023.10.10"]
[SourceVersion "1"]
[SourceVersionDate "2023.10.10"]
[SourceQuality "1"]

1. e4 e6 2. Nc3 d5 3. Nf3 d4 4. Ne2 c5 5. c3 dxc3 6. bxc3 Nc6 7. g3 Nf6 8. d3 e5 9. c4 Bg4 10. Bg2 Be7 11. 0-0 0-0 12. h3 Bxf3 13. Bxf3 Ne8 14. Bg2 Nc7 15. f4 Ne6 16. Bb2 Ned4 17. Nxd4 Nxd4 18. fxe5 Qd7 19. Kh1 Rad8 20. Qd2 Qe6 21. Qf4 h6 22. Rad1 Bg5 23. Qg4 Qxe5 24. h4 Bf6 25. Rf5 Qe6 26. Bxd4 Rxd4 27. Rdf1 Be7 28. Rd5 Qxg4 0-1

[Event "Titled Tuesday intern op 25th Apr Late"]
[Site "Chess.com INT"]
[Date "2023.04.25"]
[Round "11"]
[White "Skaric, Djuro"]
[Black "Holtel, Jasper"]
[Result "1-0"]
[WhiteElo "2334"]
[BlackElo "2336"]
[PlyCount "131"]
[EventDate "2023.04.25"]
[EventType "swiss (blitz)"]
[EventRounds "11"]
[EventCountry "USA"]
[SourceTitle "EXT 2024"]
[Source "ChessBase"]
[SourceDate "2023.10.10"]
[SourceVersion "1"]
[SourceVersionDate "2023.10.10"]
[SourceQuality "1"]

1. g3 Nf6 2. Bg2 g6 3. d3 Bg7 4. e4 0-0 5. f4 d6 6. Nf3 c5 7. 0-0 Nc6 8. Nc3 Rb8 9. a4 b6 10. h3 Bd7 11. g4 a6 12. Ne2 b5 13. axb5 axb5 14. Ng3 Ra8 15. Rxa8 Qxa8 16. e5 dxe5 17. Nxe5 Qb7 18. g5 Ne8 19. Qf3 Bxe5 20. fxe5 Qc7 21. e6 Nd4 22. exf7+ Kh8 23. Qf4 Qxf4 24. Bxf4 Rxf7 25. Be5+ Kg8 26. Rxf7 Kxf7 27. Bxd4 cxd4 28. Ne2 e5 29. Kf2 Nd6 30. c3 Nf5 31. Bd5+ Kg7 32. cxd4 Nxd4 33. Nxd4 exd4 34. h4 h6 35. Kf3 Bf5 36. Be4 hxg5 37. hxg5 Kf7 38. Kf4 Be6 39. Ke5 Bd7 40. Bd5+ Ke7 41. Kxd4 Kd6 42. Be4 Be8 43. b4 Bf7 44. Ke3 Be8 45. Kd4 Bf7 46. Bb7 Be8 47. Bc8 Bf7 48. Bg4 Be8 49. Bf3 Bf7 50. Be4 Be8 51. Bd5 Bd7 52. Bf7 Bf5 53. Be8 Ke7 54. Bxb5 Kd6 55. Bc4 Kc7 56. Kc5 Kb7 57. d4 Kc7 58. b5 Kb7 59. b6 Kb8 60. Ba6 Be4 61. Kd6 Bd5 62. Kxd5 Ka8 63. Kc6 Kb8 64. d5 Ka8 65. d6 Kb8 66. d7 1-0

[Event "Lienz op 21st"]
[Site "Lienz"]
[Date "2023.02.18"]
[Round "9"]
[White "Holtel, Jasper"]
[Black "Tulchynskyi, Feliks"]
[Result "1/2-1/2"]
[WhiteElo "2342"]
[BlackElo "2139"]
[PlyCount "23"]
[EventDate "2023.02.11"]
[EventType "swiss"]
[EventRounds "9"]
[EventCountry "AUT"]
[SourceTitle "CBM 212 Extra"]
[Source "ChessBase"]
[SourceDate "2023.03.31"]
[SourceVersion "1"]
[SourceVersionDate "2023.03.31"]
[SourceQuality "1"]

1. e4 c5 2. Nf3 e6 3. c3 d5 4. exd5 Qxd5 5. d4 Nf6 6. Bd3 Nc6 7. Na3 Qd8 8. Nc2 Be7 9. 0-0 0-0 10. Qe2 Qc7 11. Bg5 b6 12. Rad1 1/2-1/2

[Event "Lienz op 21st"]
[Site "Lienz"]
[Date "2023.02.17"]
[Round "8"]
[White "Nikolov, Rumen"]
[Black "Holtel, Jasper"]
[Result "1-0"]
[WhiteElo "2219"]
[BlackElo "2342"]
[PlyCount "141"]
[EventDate "2023.02.11"]
[EventType "swiss"]
[EventRounds "9"]
[EventCountry "AUT"]
[SourceTitle "CBM 212 Extra"]
[Source "ChessBase"]
[SourceDate "2023.03.31"]
[SourceVersion "1"]
[SourceVersionDate "2023.03.31"]
[SourceQuality "1"]

1. e4 c5 2. Nc3 d6 3. Nge2 Nf6 4. g3 g6 5. d4 cxd4 6. Nxd4 Nc6 7. Nde2 Bg7 8. Bg2 0-0 9. 0-0 Rb8 10. a4 a6 11. h3 b5 12. axb5 axb5 13. Be3 b4 14. Nd5 e6 15. Nxf6+ Bxf6 16. Nd4 Nxd4 17. Bxd4 e5 18. Be3 Be6 19. Qd2 Qc8 20. h4 Qc6 21. h5 gxh5 22. Bg5 Bg7 23. Rfc1 f6 24. Be3 Rfd8 25. c4 bxc3 26. Rxc3 Qe8 27. Rc7 Rd7 28. Rxd7 Qxd7 29. Ra7 Rb7 30. Rxb7 Qxb7 31. Qxd6 Kf7 32. Bf3 Bg4 33. Bxg4 hxg4 34. Bc5 h5 35. b4 Qxe4 36. Qd7+ Kg6 37. Qe8+ Kh6 38. Be3+ Kh7 39. Qxh5+ Kg8 40. Qe8+ Bf8 41. Bh6 Qe1+ 42. Kg2 Qe4+ 43. Kh2 Qxb4 44. Qg6+ Kh8 45. Qxf6+ Kg8 46. Qg6+ Kh8 47. Bxf8 Qxf8 48. Qh5+ Kg8 49. Qxg4+ Kh8 50. Qh5+ Kg8 51. Qg5+ Kh7 52. Qh4+ Kg6 53. Qe4+ Kh6 54. Kg2 Qd6 55. Qf5 Qd5+ 56. Kh3 Qd6 57. Qf7 Kg5 58. Qg7+ Kf5 59. g4+ Kf4 60. Qf7+ Ke4 61. g5 Qd1 62. Kh2 Qd2 63. Qf6 Qd1 64. Qc6+ Kf5 65. Qf6+ Ke4 66. g6 Qh5+ 67. Kg3 Qd1 68. f3+ Ke3 69. Qxe5+ Kd3 70. Qd5+ Ke3 71. Qe4+ 1-0

[Event "Lienz op 21st"]
[Site "Lienz"]
[Date "2023.02.13"]
[Round "4"]
[White "Vergeiner, Franz"]
[Black "Holtel, Jasper"]
[Result "0-1"]
[WhiteElo "2035"]
[BlackElo "2342"]
[PlyCount "42"]
[EventDate "2023.02.11"]
[EventType "swiss"]
[EventRounds "9"]
[EventCountry "AUT"]
[SourceTitle "CBM 212 Extra"]
[Source "ChessBase"]
[SourceDate "2023.03.31"]
[SourceVersion "1"]
[SourceVersionDate "2023.03.31"]
[SourceQuality "1"]

1. e4 c5 2. Nf3 d6 3. d4 cxd4 4. Nxd4 Nf6 5. Nc3 a6 6. Be2 e5 7. Nf3 Be7 8. 0-0 0-0 9. h3 h6 10. Be3 Be6 11. Bd3 b5 12. Ne2 Nc6 13. c3 d5 14. Ng3 dxe4 15. Nxe4 Nd7 16. Ng3 Nc5 17. Bxc5 Bxc5 18. Be4 Qc7 19. Bxc6 Qxc6 20. Nxe5 Qc7 21. Nf3 Qxg3 0-1

[Event "Bayern-chI Bank Hofmann 25th"]
[Site "Tegernsee"]
[Date "2022.11.09"]
[Round "5"]
[White "Holtel, Jasper"]
[Black "Hari, Charan Sai Kalluri"]
[Result "1/2-1/2"]
[WhiteElo "2391"]
[BlackElo "2031"]
[PlyCount "113"]
[EventDate "2022.11.05"]
[EventType "swiss"]
[EventRounds "9"]
[EventCountry "GER"]
[SourceTitle "CBM 211 Extra"]
[Source "ChessBase"]
[SourceDate "2023.01.31"]
[SourceVersion "1"]
[SourceVersionDate "2023.01.31"]
[SourceQuality "1"]

1. Nf3 d5 2. g3 c6 3. Bg2 Nf6 4. 0-0 g6 5. b3 Bg7 6. Bb2 0-0 7. c4 Re8 8. Qc2 Bf5 9. d3 Nbd7 10. Nd4 e5 11. Nxf5 gxf5 12. Bh3 Ng4 13. e4 Qg5 14. Qe2 Qh5 15. Bxg4 fxg4 16. cxd5 cxd5 17. Nc3 Nb6 18. a4 a5 19. Nb5 Re6 20. Rac1 Rc6 21. Rxc6 bxc6 22. Nd6 Nd7 23. h4 Bf8 24. Nf5 d4 25. Qc2 c5 26. Bc1 Qg6 27. Bd2 Qe6 28. Rb1 Nb8 29. Qd1 Qg6 30. Bh6 Ra7 31. Bxf8 Kxf8 32. Rc1 Nd7 33. Qd2 h5 34. Kf1 Ra6 35. Ke2 Ra7 36. Kd1 Ra6 37. Kc2 Ra7 38. Kb2 Ra8 39. Ka2 Ra6 40. Rh1 f6 41. Rc1 Ke8 42. Rc2 Kd8 43. Qc1 Rc6 44. Rb2 Qf7 45. Qc4 Qxc4 46. bxc4 Rb6 47. Rb5 Rxb5 48. axb5 a4 49. Ka3 Nb6 50. Nd6 Ke7 51. Nf5+ Kd8 52. Ka2 Kd7 53. Kb2 Nc8 54. Ka3 Nb6 55. Ka2 Nc8 56. Ka3 Nb6 57. Ka2 1/2-1/2